LIBRARY ONLINE CATALOGUE

The study of counterpoint from Johann joseph Fux's Gradus ad Parnassum (Record no. 16025)

MARC details
000 -LEADER
fixed length control field 00717nam a22001937a 4500
008 - FIXED-LENGTH DATA ELEMENTS--GENERAL INFORMATION
fixed length control field 160630b xxu||||| |||| 00| 0 eng d
020 ## - INTERNATIONAL STANDARD BOOK NUMBER
International Standard Book Number 0393002772
040 ## - CATALOGING SOURCE
Original cataloging agency KABU
Transcribing agency KABU
050 ## - LIBRARY OF CONGRESS CALL NUMBER
Classification number MT40
Item number .F89 1965 c. 1
245 ## - TITLE STATEMENT
Title The study of counterpoint from Johann joseph Fux's Gradus ad Parnassum
Statement of responsibility, etc. Translated and edited by Alfred Mann with the collaboration of John Edmunds
250 ## - EDITION STATEMENT
Edition statement Rev. ed.
260 ## - PUBLICATION, DISTRIBUTION, ETC. (IMPRINT)
Place of publication, distribution, etc. New York
Name of publisher, distributor, etc. W.W. Noton & Company
Date of publication, distribution, etc. 1965
300 ## - PHYSICAL DESCRIPTION
Extent xvi, 156 p.
650 ## - SUBJECT ADDED ENTRY--TOPICAL TERM
Topical term or geographic name as entry element Counterpoint
Chronological subdivision Early works to 1800
650 ## - SUBJECT ADDED ENTRY--TOPICAL TERM
Topical term or geographic name as entry element Composition (Music)
Chronological subdivision Early works to 1800
700 ## - ADDED ENTRY--PERSONAL NAME
Personal name Mann, Alfred
700 ## - ADDED ENTRY--PERSONAL NAME
Personal name Edmunds, John
942 ## - ADDED ENTRY ELEMENTS (KOHA)
Source of classification or shelving scheme Library of Congress Classification
Koha item type General Collection
Edition Rev. ed.
Classification part MT40 .F89 1965 c. 1
Holdings
Withdrawn status Lost status Source of classification or shelving scheme Not for loan Home library Current library Shelving location Date acquired Cost, normal purchase price Total Checkouts Full call number Barcode Date last seen Date last checked out Copy number Price effective from Koha item type
    Library of Congress Classification   Kabarak, Main Campus Kabarak, Main Campus General Stacks 30/06/2016 1932.85 2 MT40 .F89 1965 c. 1 026440 03/10/2019 24/09/2019 c. 1 30/06/2016 General Collection